| 000 | 01096nam a2200265Ia 4500 | ||
|---|---|---|---|
| 001 | 16219 | ||
| 003 | GE_BSU | ||
| 008 | 181216s||||||||xx |||||||||||||| ||und|| | ||
| 020 | _a9789941044366 | ||
| 040 | _cGE_BSU | ||
| 080 | _a614.2 | ||
| 100 | _aგერზმავა, ოთარ | ||
| 245 | _aსაზოგადოებრივი ჯანმრთელობის დაცვა და მენეჯმენტი | ||
| 245 | _bსახელმძღვ. სტუდ. და ექიმებისათვის | ||
| 245 | _cრედ.: ავ. ჯორბენაძე, ჯ. მამალაძე | ||
| 260 | _aთბილისი | ||
| 260 | _bგ.გ | ||
| 260 | _c2013 | ||
| 300 | _a576გვ;ილ,ნახაზ.29სმ. | ||
| 300 | _bბიბლიოგრაფ.თავების ბოლოს | ||
| 541 | _h21ლ. | ||
| 653 | _a- ჯანმრთელობის დაცვა; ჯანმრთელობის დაცვის მენეჯმენტი; | ||
| 653 | _aმედიცინა | ||
| 942 | _cBK | ||
| 999 |
_c49303 _d49303 |
||